<?xml version="1.0" encoding="UTF-8"?>
<record
    xmlns:xsi="http://www.w3.org/2001/XMLSchema-instance"
    xsi:schemaLocation="http://www.loc.gov/MARC21/slim http://www.loc.gov/standards/marcxml/schema/MARC21slim.xsd"
    xmlns="http://www.loc.gov/MARC21/slim">

  <leader>01268nam a2200229Ia 4500</leader>
  <controlfield tag="001">L248-14981</controlfield>
  <controlfield tag="003">IT-CnALBA</controlfield>
  <controlfield tag="008">170116s9999||||xx |||||||||||||| ||und||</controlfield>
  <datafield tag="040" ind1=" " ind2=" ">
    <subfield code="a">IT-CnALBA</subfield>
    <subfield code="c">IT-CnALBA</subfield>
  </datafield>
  <datafield tag="041" ind1=" " ind2=" ">
    <subfield code="a">ITALIANO</subfield>
  </datafield>
  <datafield tag="100" ind1=" " ind2=" ">
    <subfield code="a">BLANLO GIOVANNI, SULPIZIANO. (1617-1657)</subfield>
  </datafield>
  <datafield tag="245" ind1=" " ind2="0">
    <subfield code="a">L'INFANZIA SPIRITUALE. CON MEDITAZIONI E PRATICHE PER ONORARE IL SANTO BAMBINO GES&#xD9;. </subfield>
  </datafield>
  <datafield tag="250" ind1=" " ind2=" ">
    <subfield code="a">1a ed.</subfield>
  </datafield>
  <datafield tag="260" ind1=" " ind2=" ">
    <subfield code="a"> MILANO BOLOGNA</subfield>
    <subfield code="b">ANCORA EDITRICE </subfield>
    <subfield code="c">1940 [1&#xB0; Ed.:1940]</subfield>
  </datafield>
  <datafield tag="300" ind1=" " ind2=" ">
    <subfield code="a">242 p. (prefazione: 5)</subfield>
  </datafield>
  <datafield tag="500" ind1=" " ind2=" ">
    <subfield code="a">TRADUZIONE DAL FRANCESE. NECESSIT&#xC0;, ECCELLENZA DELL'INFANZIA SPIRITUALE. ABBANDONO. SEMPLICIT&#xC0;. PUREZZA. DOLCEZZA. MANSUETUDINE. INNOCENZA. VEN.LE OLIER. CARDINALE DE BERULLE. INFANZIA E PASSIONE DI GES&#xD9;. NATIVIT&#xC0;. VISITAZIONE. CIRCONCISIONE. I MAGI. PRES</subfield>
  </datafield>
  <datafield tag="501" ind1=" " ind2=" ">
    <subfield code="a">Societ&#xE0; San Paolo EM - Piazza San Paolo, 14 - 12051 ALBA (CN)  (non commercial uses only) &#xAE; Copyright 2017</subfield>
  </datafield>
  <datafield tag="520" ind1=" " ind2=" ">
    <subfield code="a">TRADUZIONE DAL FRANCESE. NECESSIT&#xC0;, ECCELLENZA DELL'INFANZIA SPIRITUALE. ABBANDONO. SEMPLICIT&#xC0;. PUREZZA. DOLCEZZA. MANSUETUDINE. INNOCENZA. VEN.LE OLIER. CARDINALE DE BERULLE. INFANZIA E PASSIONE DI GES&#xD9;. NATIVIT&#xC0;. VISITAZIONE. CIRCONCISIONE. I MAGI. PRES</subfield>
  </datafield>
  <datafield tag="650" ind1=" " ind2=" ">
    <subfield code="a">ASCETICA E MISTICA</subfield>
  </datafield>
  <datafield tag="942" ind1=" " ind2=" ">
    <subfield code="c">BK</subfield>
  </datafield>
  <datafield tag="957" ind1=" " ind2=" ">
    <subfield code="7">1</subfield>
  </datafield>
  <datafield tag="999" ind1=" " ind2=" ">
    <subfield code="a">19731</subfield>
    <subfield code="b">SI </subfield>
    <subfield code="g"> Copie: 1 </subfield>
    <subfield code="c">274150</subfield>
    <subfield code="d">274150</subfield>
  </datafield>
  <datafield tag="952" ind1=" " ind2=" ">
    <subfield code="0">0</subfield>
    <subfield code="1">0</subfield>
    <subfield code="4">0</subfield>
    <subfield code="6">L_24814981</subfield>
    <subfield code="7">1</subfield>
    <subfield code="a">ALBA</subfield>
    <subfield code="b">ALBA</subfield>
    <subfield code="d">2017-01-16</subfield>
    <subfield code="l">0</subfield>
    <subfield code="o">L248-14981</subfield>
    <subfield code="r">2017-01-16 00:00:00</subfield>
    <subfield code="w">2017-01-16</subfield>
    <subfield code="y">BK</subfield>
    <subfield code="z">(data import: 16 gennaio 2017) - By Epidotti, Vaglietti. </subfield>
  </datafield>
</record>
